On coexistence : a causal approach to diversity and stability in grassland vegetation /

Bibliographic Details
Main Author: Braakhekke, W. G.
Format: Book
Language:English
Published: Wageningen : Centre for Agricultural Publishing and Documentation, 1980.
Series:Verslagen van landbouwkundige onderzoekingen ; 902.
Subjects:

MARC

Tag First Indicator Second Indicator Subfields
LEADER 00000cam a2200000 a 4500
001 in00000080302
005 20151008060920.0
008 810317s1980 ne a b 00010 eng d
020 |a 9022007472 
035 |a (OCoLC)07230880 
035 |9 AAJ6877AM 
040 |a AGL  |c AGL  |d TXA  |d UtOrBLW 
041 0 |a eng  |b dut 
049 |a TXAM  |c [1655448] 
070 |a 105.2  |b V61V no.902 
072 0 |a F000 
090 |a S239  |b .A37 no. 902 
100 1 |a Braakhekke, W. G. 
245 1 0 |a On coexistence :  |b a causal approach to diversity and stability in grassland vegetation /  |c W.G. Braakhekke. 
264 1 |a Wageningen :  |b Centre for Agricultural Publishing and Documentation,  |c 1980. 
300 |a 164 pages :  |b illustrations ;  |c 24 cm. 
336 |a text  |b txt  |2 rdacontent 
337 |a unmediated  |b n  |2 rdamedia 
338 |a volume  |b nc  |2 rdacarrier 
490 1 |a Agricultural research reports ;  |v 902 
500 |a Also published as the author's thesis (Ph. D.--Wageningen, 1980) 
500 |a "Publication number 160 of the Centre for Agrobiological Research (CABO)." 
500 |a Summary also in Dutch. 
504 |a Bibliography: pages 158-164. 
650 0 |a Plant competition. 
650 0 |a Plant communities. 
650 0 |a Plants  |x Nutrition. 
650 0 |a Grassland ecology. 
830 0 |a Verslagen van landbouwkundige onderzoekingen ;  |v 902. 
999 |a MARS 
999 f f |s baf7e785-e0ee-3be6-96c6-e0dcd922f012  |i d9f216ee-3745-3758-88df-b8f37e184d8b  |t 0 
952 f f |p ric  |a Texas A&M University  |b Rellis Campus  |c Joint Library Facility  |d Remote Storage  |t 0  |e S239 .A37 no.902  |h Library of Congress classification  |i unmediated -- volume  |m A14806233420 
998 f f |a S239 .A37 no.902  |t 0  |l Remote Storage